000
00346 a2200157 4500
001
195150
020
_a
9786586040128
040
_c
Magnum
100
_a
Rocha, Lavínia
240
1
0
_a
O mistério da sala secreta
_l
245
1
0
_a
O mistério da sala secreta
300
_a
174
362
0
_a
2021
697
_a
LITERATURA JUVENIL
942
_c
BK
999
_c
195150
_d
195150